Group theory, algebra, and number theory : colloquium in memory of Hans Zassenhaus, held in Saarbrücken, Germany, June 4-5, 1993 /
Guardado en:
| Otros Autores: | , |
|---|---|
| Formato: | Libro |
| Idioma: | English German |
| Publicado: |
Berlin ; New York :
Walter de Gruyter,
1996.
|
| Materias: | |
| Etiquetas: |
Agregar Etiqueta
Sin Etiquetas, Sea el primero en etiquetar este registro!
|
| LEADER | 01415pam a2200277 a 4500 | ||
|---|---|---|---|
| 001 | MAT.inmabb003678 | ||
| 008 | 960927s1996####gw#a#####b####110#0#eng## | ||
| 005 | 20170530125820.0 | ||
| 245 | 0 | 0 | |a Group theory, algebra, and number theory : |b colloquium in memory of Hans Zassenhaus, held in Saarbrücken, Germany, June 4-5, 1993 / |c editor: Horst G. Zimmer. |
| 260 | |a Berlin ; |a New York : |b Walter de Gruyter, |c 1996. | ||
| 300 | |a xx, 201 p. : |b il. ; |c 25 cm. | ||
| 546 | |a En inglés y alemán. | ||
| 504 | |a Incluye referencias bibliográficas. | ||
| 505 | 0 | |a Horst Tietz, After-dinner speech [in memoriam Hans Zassenhaus] -- Pham Huu Tiep, On the solvability of the kernel of any orthogonal decomposition -- Alexei I. Kostrikin, The beginnings of modular Lie algebra theory -- Michael E. Pohst, Computing invariants of algebraic number fields -- Wilhelm Plesken, Kristallographische Gruppen -- Helmut Bender, Endliche Fastkörper und Zassenhausgruppen -- Klaus Hoechsmann, On the arithmetic of commutative group rings. | |
| 510 | 4 | |a MR, |c 97i:00017 | |
| 020 | |a 3110153475 | ||
| 700 | 1 | |a Zassenhaus, Hans. | |
| 700 | 1 | |a Zimmer, Horst G. |4 edt | |
| 650 | 0 | |a Group theory |x Congresses. | |
| 650 | 0 | |a Algebra |x Congresses. | |
| 650 | 0 | |a Number theory |x Congresses. | |
| 084 | |a 00B30 (17-06 20-06) |2 MR | ||
| 010 | |a 96046367 | ||
| 040 | |a DLC |c DLC |d DLC | ||
| 041 | 0 | |a eng |a ger | |
| 859 | |h 00B30 |i Z38 |p A-7400 |b BIB. MATEMATICA | ||
